000
00229nam a2200085Ia 4500
008
120527s9999 xx 000 0 und d
100
_a
OGUNNIYI, N. Tunde
245
_a
The learning Era in modern Architecture in Nigeria
942
_c
BK
999
_c
25364
_d
25364